000 00315nam a22001337a 4500
008 170619b xxu||||| |||| 00| 0 eng d
020 _a9780870030239
041 _aeng
080 _a94
100 _a18
101 _aSHH
245 _aSTRATEGIC GEOGRAPHY AND CHANGING MIDDLE EAST
_cKEMP.G
942 _2udc
_cBK
999 _c18017
_d18017